[Event "22nd ch-EUR Indiv 2022"]
[Site "Terme Catez SLO"]
[Date "2022.04.04"]
[Round "9.34"]
[White "Zelcic, Robert"]
[Black "Pechac, Jergus"]
[Result "0-1"]
[WhiteTitle "GM"]
[BlackTitle "GM"]
[WhiteElo "2513"]
[BlackElo "2599"]
[WhiteFideId "14500310"]
[BlackFideId "14926970"]
[EventDate "2022.03.27"]

1. e4 e5 2. Nf3 Nc6 3. Bb5 Nge7 4. O-O Ng6 5. d4 exd4 6. Nxd4 Bc5 7. Nf5 O-O 8.
Be3 Bxe3 9. Nxe3 d6 10. Qd2 Nce7 11. Bd3 Nf4 12. Nc3 Nxd3 13. Qxd3 f5 14. f4 c6
15. Nc4 fxe4 16. Qxd6 Nf5 17. Qxd8 Rxd8 18. Rae1 Be6 19. Na5 e3 20. g4 Nd4 21.
f5 Bf7 22. Rxe3 b6 23. Nb3 Nxc2 24. Re4 c5 25. Rf2 Nd4 26. Nxd4 cxd4 27. Nb5 d3
28. Rd2 Bxa2 29. Ra4 Bb3 30. Rxa7 Rxa7 31. Nxa7 Ba4 32. Kf2 Ra8 33. b3 Be8 34.
Ra2 Bf7 35. Ke3 Bxb3 36. Rb2 Bc2 37. Nc6 Re8+ 38. Kd2 Re2+ 0-1

[Event "22nd ch-EUR Indiv 2022"]
[Site "Terme Catez SLO"]
[Date "2022.04.04"]
[Round "9.35"]
[White "Santos Ruiz, Miguel"]
[Black "Sebenik, Matej"]
[Result "1/2-1/2"]
[WhiteTitle "GM"]
[BlackTitle "GM"]
[WhiteElo "2597"]
[BlackElo "2510"]
[WhiteFideId "22291482"]
[BlackFideId "14602296"]
[EventDate "2022.03.27"]

1. e4 e6 2. d4 d5 3. Nc3 Bb4 4. e5 c5 5. Bd2 Ne7 6. a3 Bxc3 7. Bxc3 b6 8. h4 Ba6
9. Bxa6 Nxa6 10. h5 cxd4 11. Bxd4 h6 12. Qe2 Nc5 13. Nf3 Qc7 14. O-O-O Rc8 15.
Kb1 Ne4 16. Rd3 Nc6 17. c3 O-O 18. Re1 b5 19. Nd2 1/2-1/2

[Event "22nd ch-EUR Indiv 2022"]
[Site "Terme Catez SLO"]
[Date "2022.04.04"]
[Round "9.36"]
[White "Druska, Juraj"]
[Black "Iturrizaga Bonelli, Eduardo"]
[Result "1/2-1/2"]
[WhiteTitle "IM"]
[BlackTitle "GM"]
[WhiteElo "2503"]
[BlackElo "2594"]
[WhiteFideId "14915650"]
[BlackFideId "3901211"]
[EventDate "2022.03.27"]

1. e4 c6 2. d4 d5 3. Nc3 dxe4 4. Nxe4 Nf6 5. Nxf6+ exf6 6. c3 Bd6 7. Bd3 O-O 8.
Qc2 h5 9. Ne2 Re8 10. Be3 Na6 11. Ng3 h4 12. Nf5 Bxf5 13. Bxf5 Bf4 14. O-O Bxe3
15. fxe3 Rxe3 16. Qf2 Qe7 17. Qxh4 g6 18. Bc2 Kg7 19. Rae1 Re8 20. Rxe3 Qxe3+
21. Qf2 Qe7 22. h4 Nc7 23. Bb3 Rh8 24. Qg3 Nb5 25. Re1 Qd8 26. Qf4 Nd6 27. g3
Qd7 28. Bd1 Nc4 29. b3 Nd6 30. Bg4 f5 31. Bf3 Ne8 32. h5 Nf6 33. hxg6 fxg6 34.
Kg2 Re8 1/2-1/2

[Event "22nd ch-EUR Indiv 2022"]
[Site "Terme Catez SLO"]
[Date "2022.04.04"]
[Round "9.37"]
[White "Samadov, Read"]
[Black "Baklan, Vladimir"]
[Result "1/2-1/2"]
[WhiteTitle "FM"]
[BlackTitle "GM"]
[WhiteElo "2375"]
[BlackElo "2591"]
[WhiteFideId "13417444"]
[BlackFideId "14102196"]
[EventDate "2022.03.27"]

1. d4 d6 2. g3 g6 3. Bg2 Bg7 4. Nf3 Nf6 5. O-O O-O 6. b3 a6 7. Bb2 b5 8. a4 Bb7
9. axb5 axb5 10. Rxa8 Bxa8 11. Qd3 Be4 12. Qxb5 Bxc2 13. Nbd2 Bf5 14. Rc1 Ne4
15. Nxe4 Bxe4 16. Qa5 c6 17. Qa4 Nd7 18. Nd2 Bxg2 19. Kxg2 c5 20. Nf3 Qc7 1/2-1/2

[Event "22nd ch-EUR Indiv 2022"]
[Site "Terme Catez SLO"]
[Date "2022.04.04"]
[Round "9.38"]
[White "Kantor, Gergely"]
[Black "Gavrilescu, David"]
[Result "1/2-1/2"]
[WhiteTitle "GM"]
[BlackTitle "IM"]
[WhiteElo "2587"]
[BlackElo "2512"]
[WhiteFideId "751499"]
[BlackFideId "1227190"]
[EventDate "2022.03.27"]

1. c4 e6 2. Nc3 d5 3. d4 Nf6 4. cxd5 exd5 5. Bg5 Bb4 6. e3 h6 7. Bh4 g5 8. Bg3
Ne4 9. Ne2 h5 10. h3 Nxg3 11. Nxg3 h4 12. Nh5 c6 13. Be2 Qe7 14. Qc2 f5 15.
O-O-O Be6 16. g4 hxg3 17. Nxg3 Rf8 18. Bd3 f4 19. exf4 gxf4 20. Nf5 Qf6 21. Qb3
a5 22. Nd6+ Ke7 23. Nxb7 Nd7 24. a3 Rfb8 25. axb4 Rxb7 26. Qa3 Kf7 27. bxa5 Rab8
28. a6 Rb3 29. Qd6 Bf5 30. Qxf4 Bxd3 31. Qxf6+ Nxf6 32. Rxd3 R3b6 33. Rg1 Rxa6
34. Rdg3 Rb4 35. Rg7+ Kf8 36. R1g6 Rxd4 37. Rc7 Rf4 38. Rh6 Kg8 39. Rg6+ Kf8 40.
Rh6 Kg8 41. Nd1 d4 42. Kb1 Rf3 43. Rg6+ Kf8 44. Rh6 Kg8 45. Rh4 Nd5 46. Rc8+ Kf7
47. Rxd4 Rxh3 48. Rb8 Rh1 49. Kc2 Ra1 50. Rb3 Ke6 51. Ra3 Rxa3 52. bxa3 Ke5 53.
Rc4 Rh3 54. a4 Rf3 55. Kd2 Kd6 56. Kc2 c5 57. Rh4 Nb4+ 58. Kd2 Rd3+ 59. Ke2 Ra3
60. Rh6+ Ke5 61. Rh5+ Kd6 62. Ne3 Rxa4 63. Nc4+ Kc6 64. Rh6+ Kc7 65. Rh7+ Kc6
66. Rh6+ Kc7 67. Rh7+ Kc6 1/2-1/2

[Event "22nd ch-EUR Indiv 2022"]
[Site "Terme Catez SLO"]
[Date "2022.04.04"]
[Round "9.39"]
[White "Michalik, Peter"]
[Black "Dudin, Gleb"]
[Result "1-0"]
[WhiteTitle "GM"]
[BlackTitle "IM"]
[WhiteElo "2585"]
[BlackElo "2477"]
[WhiteFideId "14907526"]
[BlackFideId "34184934"]
[EventDate "2022.03.27"]

1. e4 c5 2. Nf3 e6 3. d4 cxd4 4. Nxd4 Nf6 5. Nc3 Nc6 6. Nxc6 bxc6 7. e5 Nd5 8.
Ne4 Qc7 9. f4 Rb8 10. a3 Qb6 11. c4 Ne3 12. Qd3 Nxf1 13. Rxf1 c5 14. Rf2 Ba6 15.
Be3 f5 16. exf6 d5 17. f5 dxe4 18. f7+ Kxf7 19. fxe6+ Kg8 20. Qd7 h6 21. Qf7+
Kh7 22. Rf6 1-0

[Event "22nd ch-EUR Indiv 2022"]
[Site "Terme Catez SLO"]
[Date "2022.04.04"]
[Round "9.40"]
[White "Wagner, Dennis"]
[Black "Godena, Michele"]
[Result "1-0"]
[WhiteTitle "GM"]
[BlackTitle "GM"]
[WhiteElo "2584"]
[BlackElo "2442"]
[WhiteFideId "24650684"]
[BlackFideId "800090"]
[EventDate "2022.03.27"]

1. d4 d5 2. c4 dxc4 3. Nf3 Nf6 4. e3 a6 5. Bxc4 b5 6. Bd3 Bb7 7. a4 b4 8. O-O e6
9. Nbd2 c5 10. Nc4 Be7 11. Qe2 cxd4 12. exd4 a5 13. Nce5 O-O 14. Bg5 h6 15. Bh4
Nh5 16. Ng6 Bxh4 17. Nfxh4 Nf4 18. Nxf4 Qxh4 19. Ng6 Qg5 20. f4 Qxg2+ 21. Qxg2
Bxg2 22. Kxg2 fxg6 23. Bc4 Nc6 24. d5 Nd4 25. dxe6 Rfc8 26. Rac1 Kf8 27. Bd5
Rxc1 28. Rxc1 Re8 29. Re1 Ke7 30. Re4 Nf5 31. Re5 Rc8 32. Be4 Ne3+ 33. Kf3 Nc4
34. Rb5 Nd2+ 35. Ke3 Nxe4 36. Kxe4 Kxe6 37. Rxa5 Rc2 38. Ra6+ Ke7 39. b3 Rc3 40.
Rxg6 Rxb3 41. Rxg7+ Kf6 42. Rb7 Rb2 43. Rb6+ Kg7 44. h4 b3 45. Kf5 h5 46. Kg5
Rb1 47. Rb7+ Kf8 48. Kxh5 b2 49. f5 Kg8 50. a5 Kf8 51. Kh6 Kg8 52. h5 Kf8 53.
Kh7 Rf1 54. Rxb2 Rxf5 55. Ra2 Rxh5+ 56. Kg6 Rh8 57. Kf6 Rh6+ 58. Ke5 Ra6 59. Kd5
Ke7 60. Kc5 Kd7 61. Kb5 Ra8 62. a6 Kc7 63. Rc2+ Kb8 64. Rh2 Kc7 65. Rh7+ Kd6 66.
a7 1-0

[Event "22nd ch-EUR Indiv 2022"]
[Site "Terme Catez SLO"]
[Date "2022.04.04"]
[Round "9.41"]
[White "Gharibyan, Mamikon"]
[Black "Gagunashvili, Merab"]
[Result "1-0"]
[WhiteTitle "IM"]
[BlackTitle "GM"]
[WhiteElo "2479"]
[BlackElo "2575"]
[WhiteFideId "13308300"]
[BlackFideId "13601652"]
[EventDate "2022.03.27"]

1. d4 d5 2. c4 c6 3. Nf3 Nf6 4. e3 Bf5 5. Nc3 e6 6. Nh4 Bg6 7. Nxg6 hxg6 8. g3
Nbd7 9. Qc2 Be7 10. b3 O-O 11. Bg2 Qc7 12. O-O Rac8 13. Qe2 dxc4 14. bxc4 e5 15.
Rb1 Rfe8 16. Qc2 b5 17. c5 a5 18. Rd1 Nf8 19. d5 cxd5 20. Rxb5 Bxc5 21. Nxd5
Nxd5 22. Bxd5 Bb4 23. Qe2 Rb8 24. Bb2 Bd6 25. Bb3 Rxb5 26. Qxb5 Rb8 27. Qe2 Rb6
28. Rc1 Qe7 29. Qd2 Qa7 30. Rc4 Ne6 31. Rc8+ Nf8 32. Bxe5 Qb7 33. Rd8 Be7 34.
Rb8 Qa7 35. Qd4 Rb7 36. Bxf7+ Kh7 37. Rxb7 Qxb7 38. Qg4 Qb1+ 39. Kg2 Kh8 40.
Qh3+ Nh7 41. Bd5 Qd3 42. Qe6 1-0

[Event "22nd ch-EUR Indiv 2022"]
[Site "Terme Catez SLO"]
[Date "2022.04.04"]
[Round "9.42"]
[White "Van Foreest, Lucas"]
[Black "Petkov, Momchil"]
[Result "1/2-1/2"]
[WhiteTitle "GM"]
[BlackTitle "IM"]
[WhiteElo "2572"]
[BlackElo "2465"]
[WhiteFideId "1039792"]
[BlackFideId "2921642"]
[EventDate "2022.03.27"]

1. d4 Nf6 2. c4 e6 3. Nf3 d5 4. g3 Bb4+ 5. Bd2 a5 6. Qc2 O-O 7. Bg2 c5 8. cxd5
cxd4 9. Nxd4 Qb6 10. e3 exd5 11. O-O Nc6 12. Nxc6 bxc6 13. Rc1 Rb8 14. Nc3 h5
15. h4 Ng4 16. a3 Be7 17. Na4 Qd8 18. Qxc6 Bd7 19. Qc2 Bxa4 20. Qxa4 Rxb2 21.
Be1 Bf6 22. Rab1 Qb8 23. Qd1 Rd8 24. Bxa5 Nxf2 25. Rxb2 Qxb2 26. Qc2 Ra8 27.
Qxb2 Bxb2 28. Rc5 Bxa3 29. Rxd5 Ng4 30. Rxh5 Rb8 31. Bf1 Rb1 32. Rb5 Rxb5 1/2-1/2

[Event "22nd ch-EUR Indiv 2022"]
[Site "Terme Catez SLO"]
[Date "2022.04.04"]
[Round "9.43"]
[White "Livaic, Leon"]
[Black "Sahidi, Samir"]
[Result "1-0"]
[WhiteTitle "IM"]
[BlackTitle "IM"]
[WhiteElo "2563"]
[BlackElo "2432"]
[WhiteFideId "14531534"]
[BlackFideId "14936372"]
[EventDate "2022.03.27"]

1. e4 c5 2. Nf3 d6 3. d4 cxd4 4. Nxd4 Nf6 5. Nc3 a6 6. Bg5 e6 7. f4 Nbd7 8. Qe2
Qc7 9. O-O-O b5 10. a3 Bb7 11. g4 Rc8 12. Bxf6 gxf6 13. f5 e5 14. Nd5 Qc4 15.
Qxc4 bxc4 16. Ne2 Bh6+ 17. Kb1 Bxd5 18. Rxd5 Rc6 19. Nc3 Be3 20. Be2 Bd4 21. Na2
Nc5 22. c3 Be3 23. Nb4 Rb6 24. Bxc4 Nxe4 25. Bxa6 Bc5 26. Be2 Nf2 27. Rf1 Rg8
28. Rd2 Bxb4 29. cxb4 Nxg4 30. Rg1 Nh6 31. Rxg8+ Nxg8 32. b5 Ne7 33. a4 d5 34.
a5 Rd6 35. b6 Kd8 36. Bb5 Kc8 37. Rc2+ Kb8 38. Rc7 Nc8 39. Ba6 Rd8 40. Bxc8 Rxc8
41. Rd7 d4 42. a6 Re8 43. Kc2 h5 44. h4 Ka8 45. b4 Kb8 46. b5 Rg8 47. Kd3 Rg3+
48. Kc4 Rg8 49. b7 Ka7 50. Kc5 Rb8 51. Kc6 e4 52. Rxd4 Re8 53. b6+ 1-0

[Event "22nd ch-EUR Indiv 2022"]
[Site "Terme Catez SLO"]
[Date "2022.04.04"]
[Round "9.44"]
[White "Donchenko, Alexander"]
[Black "Kramer, Julian"]
[Result "0-1"]
[WhiteTitle "GM"]
[BlackTitle "IM"]
[WhiteElo "2636"]
[BlackElo "2423"]
[WhiteFideId "24603295"]
[BlackFideId "12921742"]
[EventDate "2022.03.27"]

1. e4 c5 2. Nf3 d6 3. d4 cxd4 4. Nxd4 Nf6 5. Nc3 Nc6 6. Bc4 Qb6 7. Nxc6 bxc6 8.
Bb3 g6 9. Be3 Qc7 10. Qd2 Bg7 11. Bh6 Bxh6 12. Qxh6 Qa5 13. O-O-O Be6 14. Kb1
Rg8 15. Qe3 g5 16. g3 g4 17. h3 h5 18. hxg4 hxg4 19. Ne2 Qe5 20. Rhe1 c5 21. Nf4
c4 22. Nxe6 Qxe6 23. Ba4+ Kf8 24. Bc6 Rb8 25. Qxa7 Kg7 26. Qd4 Rgc8 27. Ba4 Rc5
28. c3 Re5 29. Bc2 Reb5 30. Ka1 Rxb2 31. Rb1 Rxb1+ 32. Rxb1 Rc8 33. Rb5 Qd7 34.
Rg5+ Kf8 35. e5 Qb5 36. a4 Ra8 37. Qf4 Ra5 38. Rf5 dxe5 39. Qd2 Ke8 40. Rg5 e6
41. Rg7 Ke7 42. Ka2 Ra8 43. Qc1 Qc5 44. Qa3 Qxa3+ 45. Kxa3 Nd5 46. Rxg4 Rc8 47.
Kb2 f5 48. Rg7+ Kd6 49. g4 Rb8+ 50. Kc1 Nxc3 51. gxf5 exf5 52. Bxf5 Nxa4 53. Rg4
Rf8 54. Bc2 Nb6 55. Rg2 Kc5 56. Kd2 Nd5 57. Be4 Nf6 58. Bc2 Kd4 59. Rg6 e4 60.
Ke2 Nd5 61. Rd6 Rh8 62. Rd7 Rh2 63. Ke1 e3 64. Ba4 exf2+ 65. Ke2 Kc5 0-1

[Event "22nd ch-EUR Indiv 2022"]
[Site "Terme Catez SLO"]
[Date "2022.04.04"]
[Round "9.45"]
[White "Davtyan, Artur"]
[Black "Vocaturo, Daniele"]
[Result "1-0"]
[WhiteTitle "IM"]
[BlackTitle "GM"]
[WhiteElo "2460"]
[BlackElo "2614"]
[WhiteFideId "13308327"]
[BlackFideId "813192"]
[EventDate "2022.03.27"]

1. d4 d5 2. c4 e6 3. Nf3 c6 4. Qc2 Bd6 5. Bg5 f6 6. Bh4 Ne7 7. Bg3 f5 8. e3 O-O
9. Bd3 Ng6 10. Nc3 Na6 11. a3 Nc7 12. O-O Bxg3 13. hxg3 Ne8 14. Ne2 Nd6 15. Nf4
Nh8 16. g4 g5 17. Nh5 dxc4 18. Bxc4 Nxc4 19. Qxc4 fxg4 20. Ne5 Qe8 21. Ng3 h5
22. f4 gxf3 23. Nxf3 Bd7 24. Qc5 Qg6 25. Ne5 Qh7 26. Nxh5 Qxh5 27. Nxd7 Rxf1+
28. Rxf1 Qg6 29. Rf8+ 1-0

[Event "22nd ch-EUR Indiv 2022"]
[Site "Terme Catez SLO"]
[Date "2022.04.04"]
[Round "9.46"]
[White "Kaasen, Tor Fredrik"]
[Black "Brkic, Ante"]
[Result "0-1"]
[WhiteTitle "IM"]
[BlackTitle "GM"]
[WhiteElo "2460"]
[BlackElo "2607"]
[WhiteFideId "1516647"]
[BlackFideId "14506688"]
[EventDate "2022.03.27"]

1. d4 Nf6 2. c4 e6 3. Nf3 d5 4. Nc3 dxc4 5. e4 b5 6. e5 Nd5 7. Nxb5 Nb6 8. Be2
Nc6 9. O-O Be7 10. Be3 O-O 11. Nc3 Nb4 12. Nd2 Ba6 13. a4 Rb8 14. a5 N6d5 15.
Nxc4 c5 16. Kh1 cxd4 17. Bxd4 Nf4 18. b3 Nc6 19. Be3 Nxe2 20. Nxe2 Qc7 21. Rc1
Rfd8 22. Qc2 Nxe5 23. Bxa7 Qxa7 24. Nxe5 Rbc8 25. Qe4 Bb7 26. Qf4 f6 27. Nc4 Bd5
28. Rfd1 Bc5 29. Qg4 f5 30. Qg5 Bxf2 31. Nf4 Be3 32. Nxe3 Qxe3 33. Rxc8 Rxc8 34.
b4 h6 35. Qg3 Qd2 36. Rf1 Rc1 37. Rg1 Be4 38. h4 Rc3 39. Qh2 e5 40. Ng6 f4 41.
Nxe5 Rg3 42. b5 Qc3 43. Nf3 Bxf3 44. gxf3 Qxf3+ 45. Rg2 Rh3 46. b6 Qd1+ 47. Rg1
Qd5+ 48. Rg2 Rxh2+ 49. Kxh2 Qxa5 50. Rb2 Qc3 0-1

[Event "22nd ch-EUR Indiv 2022"]
[Site "Terme Catez SLO"]
[Date "2022.04.04"]
[Round "9.47"]
[White "Erdos, Viktor"]
[Black "Kjartansson, Gudmundur"]
[Result "1/2-1/2"]
[WhiteTitle "GM"]
[BlackTitle "GM"]
[WhiteElo "2607"]
[BlackElo "2450"]
[WhiteFideId "719978"]
[BlackFideId "2301318"]
[EventDate "2022.03.27"]

1. e4 c5 2. Nf3 d6 3. Bb5+ Nd7 4. d4 cxd4 5. Qxd4 a6 6. Be2 Ngf6 7. O-O e5 8.
Qe3 Nc5 9. Nfd2 Be7 10. c4 O-O 11. Nc3 Ng4 12. Bxg4 Bxg4 13. Nb3 Nxb3 14. axb3
Be6 15. Qd3 b5 16. Be3 bxc4 17. bxc4 Rb8 18. Nd5 Rxb2 19. Rxa6 Rb7 20. Rfa1 Bxd5
21. Qxd5 Qc7 22. h3 h6 23. Ra8 Rfb8 24. R1a7 Rxa7 25. Rxa7 Qd8 26. Kh2 Qe8 27.
g3 Bf8 28. Kg2 Rc8 29. Bb6 Qe6 30. Bc7 Qd7 31. Bb6 Qe6 32. Qxe6 fxe6 33. Bc7 Be7
34. Kf3 Kf8 35. Ke2 Ke8 36. c5 dxc5 37. Bxe5 g6 38. Kd3 Rd8+ 39. Kc2 h5 40. f4
c4 41. Kc3 h4 42. gxh4 Rd3+ 43. Kxc4 Rxh3 44. Ra8+ Kf7 45. Ra7 Ke8 46. Ra8+ Kf7
47. Rh8 Rxh4 48. Rxh4 Bxh4 1/2-1/2

[Event "22nd ch-EUR Indiv 2022"]
[Site "Terme Catez SLO"]
[Date "2022.04.04"]
[Round "9.48"]
[White "Maksimovic, Bojan"]
[Black "Ivanisevic, Ivan"]
[Result "1/2-1/2"]
[WhiteTitle "IM"]
[BlackTitle "GM"]
[WhiteElo "2455"]
[BlackElo "2601"]
[WhiteFideId "14408120"]
[BlackFideId "912417"]
[EventDate "2022.03.27"]

1. d4 d5 2. c4 e6 3. Nf3 Nf6 4. g3 Be7 5. Bg2 Ne4 6. Nc3 f5 7. O-O c6 8. Ne5 Nd7
9. Bf4 g5 10. Be3 O-O 11. Qc2 Nxe5 12. dxe5 Nxc3 13. Qxc3 Bd7 14. b4 Be8 15. a4
Bh5 16. Ra2 f4 17. Bd4 a5 18. c5 axb4 19. Qxb4 Qd7 20. a5 Bd8 21. Rfa1 Qf7 22.
Bf1 Ra6 23. Rb2 Ra7 24. Rba2 Bg6 25. a6 fxg3 26. hxg3 g4 27. Qd2 Be4 28. Bg2
Bxg2 29. Kxg2 Qf5 30. Qd3 Qxd3 31. exd3 Bg5 32. Kf1 Kf7 33. axb7 Rxb7 34. Ra7
Rb8 35. Rxb7+ Rxb7 36. Ra6 Rc7 37. Ke2 Kg6 38. Be3 Be7 39. d4 h5 40. Kd3 h4 41.
gxh4 Bxh4 42. Ra8 Be7 43. Rh8 1/2-1/2

[Event "22nd ch-EUR Indiv 2022"]
[Site "Terme Catez SLO"]
[Date "2022.04.04"]
[Round "9.49"]
[White "Thybo, Jesper Sondergaard"]
[Black "Gokerkan, Cem Kaan"]
[Result "0-1"]
[WhiteTitle "GM"]
[BlackTitle "IM"]
[WhiteElo "2590"]
[BlackElo "2445"]
[WhiteFideId "1438832"]
[BlackFideId "6336760"]
[EventDate "2022.03.27"]

1. d4 Nf6 2. c4 e6 3. g3 d5 4. Nf3 Be7 5. Bg2 O-O 6. Nc3 dxc4 7. Ne5 c5 8. dxc5
Qxd1+ 9. Nxd1 Bxc5 10. Ne3 c3 11. bxc3 Nbd7 12. Nd3 Rb8 13. Nc4 b6 14. Bf4 Bb7
15. Bxb8 Bxg2 16. Bd6 Bxh1 17. Bxf8 Kxf8 18. f3 Bg2 19. Nf4 Bh1 20. Kf1 b5 21.
Nb2 e5 22. Nfd3 Ba3 23. Rb1 e4 24. Kf2 Bxf3 25. exf3 exd3 26. Nxd3 a6 27. Nb4
Bxb4 28. cxb4 Nd5 29. Rb3 Ke7 30. Ke2 Ne5 31. a3 g5 32. Rb2 Ke6 33. Rb3 h5 34.
Rb2 Nc4 35. Rb3 Ke5 36. Rd3 f5 37. Kf2 Ke6 38. Ke2 g4 39. fxg4 hxg4 40. Kf2 Ke5
41. Kg1 Ke4 42. Rd1 Nxa3 43. Ra1 Nc4 44. Rxa6 Nxb4 45. Re6+ Kd5 46. Re2 Nc6 47.
h4 gxh3 48. Kh2 b4 49. Kxh3 b3 50. Rf2 Ne3 51. Kh4 Nd4 52. Kg5 Ke4 53. Rf4+ Ke5
54. Rf2 Ndc2 0-1

[Event "22nd ch-EUR Indiv 2022"]
[Site "Terme Catez SLO"]
[Date "2022.04.04"]
[Round "9.50"]
[White "Cvitan, Ognjen"]
[Black "Kadric, Denis"]
[Result "0-1"]
[WhiteTitle "GM"]
[BlackTitle "GM"]
[WhiteElo "2458"]
[BlackElo "2573"]
[WhiteFideId "14500086"]
[BlackFideId "14403803"]
[EventDate "2022.03.27"]

1. d4 Nf6 2. c4 d6 3. Nf3 Nbd7 4. Nc3 c6 5. e4 e5 6. Be2 g6 7. O-O Bg7 8. Qc2
O-O 9. d5 Qe7 10. Be3 Ne8 11. Bg5 f6 12. Bh4 c5 13. Ne1 h5 14. h3 Bh6 15. Nd3
Ng7 16. Rae1 a6 17. b3 Bf4 18. Bd1 g5 19. Bg3 Rf7 20. Bh2 Nf8 21. Ne2 Ng6 22.
Kh1 Bxh2 23. Kxh2 f5 24. exf5 Bxf5 25. Ng3 g4 26. Nxf5 Nxf5 27. g3 Raf8 28. hxg4
hxg4 29. Qe2 Rh7+ 30. Kg1 Qg5 31. Qe4 Qh5 32. Qg2 Nd4 0-1

[Event "22nd ch-EUR Indiv 2022"]
[Site "Terme Catez SLO"]
[Date "2022.04.04"]
[Round "9.52"]
[White "Gorshtein, Ido"]
[Black "Meshkovs, Nikita"]
[Result "0-1"]
[WhiteTitle "IM"]
[BlackTitle "GM"]
[WhiteElo "2445"]
[BlackElo "2561"]
[WhiteFideId "2815532"]
[BlackFideId "11602740"]
[EventDate "2022.03.27"]

1. c4 Nf6 2. Nf3 e6 3. g3 a6 4. Bg2 b5 5. b3 c5 6. O-O Bb7 7. Bb2 Be7 8. e3 O-O
9. d4 bxc4 10. bxc4 d6 11. dxc5 dxc5 12. Nbd2 Nc6 13. Rb1 Qc7 14. Qa4 Rad8 15.
Rfd1 Nb4 16. Be5 Qc8 17. a3 Nd3 18. Bxf6 Bxf6 19. Qc2 Bc6 20. Ne1 Bxg2 21. Kxg2
Qc6+ 22. Ndf3 Ne5 23. e4 h5 24. Nxe5 Bxe5 25. f4 Bd4 26. Nf3 Rd7 27. h4 Rfd8 28.
Kh2 g6 29. a4 Kg7 30. a5 Bf6 31. Rxd7 Rxd7 32. Rb8 Rb7 33. Rxb7 Qxb7 34. Kg2 Qb4
35. e5 Bd8 36. Kh3 Bxa5 37. g4 Qa3 38. Qe4 hxg4+ 39. Kxg4 Qc1 40. Kg3 Qh1 41.
Qe3 Qb1 42. Qxc5 Bb6 43. Qd6 Be3 44. Qd8 Qf5 45. Qg5 a5 46. Qxf5 exf5 47. Ne1 a4
48. Kf3 Bd2 49. Nc2 Kf8 50. c5 Ke8 0-1

[Event "22nd ch-EUR Indiv 2022"]
[Site "Terme Catez SLO"]
[Date "2022.04.04"]
[Round "9.53"]
[White "Dragnev, Valentin"]
[Black "Tutisani, Noe"]
[Result "1-0"]
[WhiteTitle "GM"]
[BlackTitle "IM"]
[WhiteElo "2546"]
[BlackElo "2442"]
[WhiteFideId "1634852"]
[BlackFideId "13602853"]
[EventDate "2022.03.27"]

1. e4 d5 2. exd5 Qxd5 3. Nc3 Qa5 4. d4 Nf6 5. Nf3 Bf5 6. Bd2 Qb6 7. Bc4 e6 8.
Qe2 Bb4 9. d5 O-O 10. dxe6 Bxe6 11. Bxe6 Qxe6 12. Qxe6 fxe6 13. O-O-O Nc6 14.
Rhe1 Rae8 15. Nb5 Bxd2+ 16. Rxd2 Re7 17. Ng5 e5 18. Nc3 Ree8 19. f3 Nd4 20. Nge4
b6 21. b3 h5 22. Nf2 h4 23. h3 Nh5 24. Nd3 c5 25. Rxe5 Rxe5 26. Nxe5 Re8 27. Nd3
Ng3 28. Rd1 Kf7 29. Kd2 Kg6 30. Re1 Rxe1 31. Nxe1 Kf5 32. Nd5 Nf1+ 33. Kd3 Ke5
34. Ne7 Kf4 35. c3 Nf5 36. Nxf5 Kxf5 37. Ke2 Ng3+ 38. Ke3 Nh5 39. Nd3 g5 40. a4
Nf6 41. b4 Nd5+ 42. Kd2 cxb4 43. cxb4 Ke6 44. Ke2 Kf5 45. b5 Ke6 46. Kf2 Nc3 47.
Ke3 Kf5 48. Kd4 Ne2+ 49. Kd5 Nc3+ 50. Kc4 Nxa4 51. Kb4 Nb2 52. Nxb2 Kf4 53. Kc4
Kg3 54. Kd3 Kxg2 55. Ke2 Kxh3 56. Kf2 g4 57. fxg4 Kxg4 58. Nc4 Kh3 59. Kg1 1-0

[Event "22nd ch-EUR Indiv 2022"]
[Site "Terme Catez SLO"]
[Date "2022.04.04"]
[Round "9.54"]
[White "Pultinevicius, Paulius"]
[Black "Ben Ari, Yannay"]
[Result "0-1"]
[WhiteTitle "GM"]
[BlackTitle "FM"]
[WhiteElo "2546"]
[BlackElo "2417"]
[WhiteFideId "12809390"]
[BlackFideId "2815222"]
[EventDate "2022.03.27"]

1. c4 e5 2. Nc3 Bb4 3. Nd5 Be7 4. d4 exd4 5. Qxd4 Nf6 6. Nxe7 Qxe7 7. Bg5 Nc6 8.
Qc3 Ne5 9. Nf3 d6 10. Nxe5 dxe5 11. f3 a5 12. O-O-O Bd7 13. h4 h6 14. Bd2 Bc6
15. e4 Nd7 16. g3 b6 17. Rh2 Nc5 18. Be3 O-O 19. Bh3 Na4 20. Qc2 Rfd8 21. Rhd2
Nc5 22. Qc3 Rxd2 23. Rxd2 Kf8 24. h5 Ke8 25. Bf5 Na4 26. Qc2 Rd8 27. Rxd8+ Kxd8
28. g4 Qb4 29. Bd2 Qc5 30. Qd3+ Ke8 31. Kc2 Qg1 32. b3 Qa1 33. Bc1 Qxa2+ 34. Kd1
Nc5 35. Qc3 f6 36. Bg6+ Ke7 37. g5 hxg5 38. Bxg5 Qxb3+ 39. Qxb3 Nxb3 40. h6 gxh6
41. Bxh6 a4 0-1

[Event "22nd ch-EUR Indiv 2022"]
[Site "Terme Catez SLO"]
[Date "2022.04.04"]
[Round "9.55"]
[White "Ibrahimli, Murad"]
[Black "Blomqvist, Erik"]
[Result "1-0"]
[WhiteTitle "IM"]
[BlackTitle "GM"]
[WhiteElo "2432"]
[BlackElo "2542"]
[WhiteFideId "13410229"]
[BlackFideId "1709437"]
[EventDate "2022.03.27"]

1. d4 d5 2. c4 dxc4 3. Nf3 Nf6 4. e3 e6 5. Bxc4 c5 6. O-O a6 7. b3 cxd4 8. Nxd4
Be7 9. Bb2 O-O 10. Be2 b6 11. Nd2 Bb7 12. Rc1 b5 13. Qc2 Qd7 14. Qc7 Rc8 15. Qg3
Nc6 16. Nxc6 Bxc6 17. Nf3 Be4 18. Rcd1 Qe8 19. Nd4 Qf8 20. Bf3 Ba3 21. Ba1 Bxf3
22. Qxf3 Nd5 23. Nf5 Nc3 24. Bxc3 Rxc3 25. Nd4 Qe8 26. Qe4 g6 27. h4 Rc5 28. Nf3
Rac8 29. Ne5 Qe7 30. g3 Rd5 31. Rxd5 exd5 32. Qd4 h5 33. Rd1 Rc2 34. Qxd5 Kg7
35. Nd7 Rxa2 36. Qd4+ Kg8 37. Nf6+ Kh8 38. Nd5+ 1-0

[Event "22nd ch-EUR Indiv 2022"]
[Site "Terme Catez SLO"]
[Date "2022.04.04"]
[Round "9.56"]
[White "Teclaf, Pawel"]
[Black "Krastev, Alexander"]
[Result "1/2-1/2"]
[WhiteTitle "IM"]
[BlackTitle "FM"]
[WhiteElo "2542"]
[BlackElo "2409"]
[WhiteFideId "1185934"]
[BlackFideId "12989983"]
[EventDate "2022.03.27"]

1. Nf3 c5 2. g3 Nc6 3. c4 g6 4. Bg2 Bg7 5. Nc3 e6 6. d4 Nxd4 7. Nxd4 cxd4 8. Ne4
d5 9. Qa4+ Kf8 10. Qa3+ Ne7 11. cxd5 exd5 12. Nd6 Bf6 13. Bh6+ Bg7 14. Bf4 Bf6
15. Bh6+ Bg7 16. Bf4 Bf6 17. Bh6+ 1/2-1/2